000 00756nam a22002057a 4500
999 _c18992
_d18992
003 AR-CdUCM
008 190516b ||||| |||| 00| 0 spa d
040 _aMUNICIPALIDAD PROVINCIAL DEL CUSCO
_cBIBLIOTECA MUNICIPAL DEL CUSCO
082 _22ed.
_a155 /
_bC548
100 _aChiappo, Leopoldo
_939996
245 _aDante y la psicología del infierno /
260 _aLima :
_bUniversidad peruana Cayetano HeredIa,
_c1986.
300 _a304 páginas ;
_c22 cm.
505 _aContenido : En el fondo del infierno -- Degradación y excelencia de la vida humana -- Dimensiones estructurales de la experiencia ...
650 _aPsicología
_91538
650 _aHumana
_919436
650 _aLibertad
_92892
942 _2ddc
_cLIBROS
945 _arah
_d2019/05/16